000 00345 a2200169 4500
001 62047
020 _a9788532260697
040 _cAnchieta - Pituba
100 _aAlencar, José de
240 1 0 _aA viuvinha
_lpor
245 1 0 _aA viuvinha
300 _a79
362 0 _a1999
440 1 _aFTD
650 4 _aFicção brasileira
942 _cBK
999 _c62047
_d62047